La Sociología de la medicina ocupacional /

La medicina ocupacional es una disciplina de las ciencias de la salud sus intereses legítimos incluyen todas las enfermedades relacionadas con las ocupaciones, la seguridad en el trabajo, educación en salud, riesgos tecnológicos y contaminación ambiental, entre otros. Se interesa por todos los aspe...

詳細記述

保存先:
書誌詳細
第一著者: Cunningham, Ineke
その他の著者: Cunningham, Ernest L.
フォーマット: テキスト
主題:
タグ: タグ追加
タグなし, このレコードへの初めてのタグを付けませんか!

MARC

LEADER 00000 a a2200000 04500
001 15334
003
040
100 |a Cunningham, Ineke  
245 |a La Sociología de la medicina ocupacional /  |c Ineke Cunningham 
520 |a La medicina ocupacional es una disciplina de las ciencias de la salud   |a sus intereses legítimos incluyen todas las enfermedades relacionadas con las ocupaciones, la seguridad en el trabajo, educación en salud, riesgos tecnológicos y contaminación ambiental, entre otros. Se interesa por todos los aspectos del proceso del trabajo, incluyendo la salud (o la ausencia de ésta) del trabajador y los efectos del proceso de trabajo mismo -y sus derivaciones- sobre la salud. El artículo discute la sociología de la medicina ocupacional y sus variaciones históricas. Dado que la disciplina se centra en el proceso del trabajo, se ocupa principalmente de tres sectores de la sociedad: los trabajadores, los patronos o dueños de los medios de producción y los profesionales de la salud o más precisamente, los médicos. Se analiza los principios sociológicos pertinentes a cada uno de estos tres grupos en lo que se refiere a la salud y al trabajo, así como los factores que determinan los intereses de cada sector en la relación entre el trabajador y su trabajo. Para el trabajador, el estado ha creado el "Estado Benefactor", que consiste en una serie de subsidios provistos por el gobierno, tales como sellos de alimentos, programas médicos, etc. En cuanto al propietario, lo que le interesa es la productividad del trabajador, principal fuente de plusvalor que genera una ganancia, y por ello su interés por la productividad es mayor que sobre el trabajador. Se preocupa por la salud ocupacional en tanto afecta la productividad y no necesariamente en cuanto afecta al trabajador. Por otro lado los médicos se preocupan por la enfermedad ocupacional en lugar de la salud. El artículo clasifica los tipos de enfermedades ocupacionales   |a las perspectivas divergentes sobre la medicina ocupacional y el desarrollo de estándares de salud ocupacional. HB/ALJ  
650 |a SALUD  
650 |a CONDICIONES DE SALUD  
650 |a RIESGOS PARA LA SALUD  
650 |a EDUCACION  
650 |a TRABAJADORES  
650 |a MEDICOS  
650 |a MEDICINA DEL TRABAJO  
700 |a Cunningham, Ernest L.  
773 |g volumen 28, número 1 -2; páginas 15-41  
999 |c 26928  |d 26928 
773 0 |0 45431  |9 10470  |d San Juan, Puerto Rico: Universidad de Puerto Rico  |o MFN: 2600  |t Revista de Ciencias Sociales  |x 0034-7817